[Event "Novokuznetsk Old Stager op"]
[Site "Novokuznetsk"]
[Date "2015.01.24"]
[Round "4"]
[White "Grebenkin, Yury"]
[Black "Golovina, Darya"]
[Result "0-1"]
[WhiteElo "1847"]
[BlackElo "2082"]
[PlyCount "70"]
[EventDate "2015.01.10"]
[EventType "swiss"]
[EventRounds "9"]
[EventCountry "RUS"]
[SourceTitle "EXT 2018"]
[Source "ChessBase"]
[SourceDate "2017.10.13"]
[SourceVersion "1"]
[SourceVersionDate "2017.10.13"]
[SourceQuality "1"]

1. d4 d5 2. c4 c6 3. cxd5 cxd5 4. Nf3 Nf6 5. Nc3 Nc6 6. Bf4 Qb6 7. Na4 Qa5+ 8. Bd2 Qd8 9. e3 e6 10. Qb3 Bd6 11. Be2 0-0 12. 0-0 Ne4 13. Rfd1 Qf6 14. Be1 g5 15. Nd2 Bxh2+ 16. Kxh2 Nxf2 17. Rdc1 g4 18. g3 h5 19. Kg2 Nh3 20. Nc5 Kg7 21. Nd3 Rh8 22. Nf2 Ng5 23. Nd3 Ne7 24. Bf2 Nf5 25. Rh1 Nh3 26. Rxh3 gxh3+ 27. Kxh3 Qg5 28. Rg1 Nxe3 29. Nf4 e5+ 30. Kh2 Ng4+ 31. Bxg4 hxg4+ 32. Kg2 exf4 33. gxf4 Qxf4 34. Kf1 Qxd2 35. Rxg4+ Bxg4 0-1

[Event "Novokuznetsk-ch"]
[Site "Novokuznetsk"]
[Date "2014.12.06"]
[Round "6"]
[White "Anokhin, Viktor T"]
[Black "Golovina, Darya"]
[Result "0-1"]
[WhiteElo "2001"]
[BlackElo "2081"]
[PlyCount "88"]
[EventDate "2014.11.16"]
[EventType "swiss"]
[EventRounds "9"]
[EventCountry "RUS"]
[SourceTitle "EXT 2016"]
[Source "ChessBase"]
[SourceDate "2015.10.08"]
[SourceVersion "1"]
[SourceVersionDate "2015.10.08"]
[SourceQuality "1"]

1. e4 d5 2. exd5 Qxd5 3. Nc3 Qa5 4. Nf3 Bg4 5. Be2 e6 6. d4 c6 7. Bd2 Qc7 8. h3 Bh5 9. g4 Bg6 10. Ne5 Bd6 11. Nxg6 hxg6 12. Ne4 Nf6 13. Bf3 Nxe4 14. Bxe4 Nd7 15. Qe2 0-0-0 16. 0-0-0 Bf4 17. Be3 Nf6 18. Qf3 Bxe3+ 19. fxe3 Nxe4 20. Qxe4 Qa5 21. Kb1 Qd5 22. Qf4 e5 23. Qf2 e4 24. Qe2 f5 25. c4 Qf7 26. Qf1 c5 27. d5 Rd6 28. Qf4 Qf6 29. g5 Qe7 30. Rd2 Qd7 31. h4 b5 32. Rc1 Kb7 33. Qe5 Re8 34. Qc3 b4 35. Qb3 a5 36. a4 f4 37. exf4 e3 38. Re2 Qf5+ 39. Qc2 Qxf4 40. Rce1 Re4 41. b3 Rd7 42. Qd3 Rde7 43. Rh1 Qf5 44. Rhe1 Kb6 0-1

[Event "Novokuznetsk-ch"]
[Site "Novokuznetsk"]
[Date "2014.11.29"]
[Round "4"]
[White "Golovina, Darya"]
[Black "Chistyakov, Nikita"]
[Result "0-1"]
[WhiteElo "2081"]
[BlackElo "1998"]
[PlyCount "58"]
[EventDate "2014.11.16"]
[EventType "swiss"]
[EventRounds "9"]
[EventCountry "RUS"]
[SourceTitle "EXT 2016"]
[Source "ChessBase"]
[SourceDate "2015.10.08"]
[SourceVersion "1"]
[SourceVersionDate "2015.10.08"]
[SourceQuality "1"]

1. e4 g6 2. d4 c6 3. Nc3 d5 4. exd5 cxd5 5. Bf4 a6 6. Nf3 Nf6 7. Be2 Bg7 8. 0-0 Nc6 9. Rb1 0-0 10. Be5 Ne4 11. Bxg7 Kxg7 12. Ne5 Nxc3 13. bxc3 Nxe5 14. dxe5 b5 15. Bf3 e6 16. Re1 Qa5 17. Qd2 Qxa2 18. Rb4 Qa5 19. Rh4 Rh8 20. Rb1 Bd7 21. h3 Rac8 22. Qh6+ Kg8 23. c4 Qa2 24. Rd1 bxc4 25. Be4 Qa3 26. Kh2 Qf8 27. Qf4 Qe7 28. Bf3 a5 29. Rg4 a4 0-1

[Event "Novokuznetsk Kustov op"]
[Site "Novokuznetsk"]
[Date "2014.10.12"]
[Round "5"]
[White "Leonov, Aleksandr"]
[Black "Golovina, Darya"]
[Result "1/2-1/2"]
[WhiteElo "2123"]
[BlackElo "2035"]
[PlyCount "25"]
[EventDate "2014.09.28"]
[EventType "swiss"]
[EventRounds "9"]
[EventCountry "RUS"]
[SourceTitle "EXT 2018"]
[Source "ChessBase"]
[SourceDate "2017.10.13"]
[SourceVersion "1"]
[SourceVersionDate "2017.10.13"]
[SourceQuality "1"]

1. e4 d5 2. exd5 Qxd5 3. Nc3 Qa5 4. Nf3 Nf6 5. Bc4 Bg4 6. 0-0 c6 7. d3 Qc7 8. Bd2 e6 9. a3 Nbd7 10. d4 Be7 11. b4 0-0 12. h3 Bh5 13. Bd3 1/2-1/2

[Event "RSSS-ch (Women)"]
[Site "Ekaterinburg"]
[Date "2014.09.26"]
[Round "4"]
[White "Golovina, Darya"]
[Black "Chigaeva, Anastasia"]
[Result "1-0"]
[WhiteElo "2035"]
[BlackElo "2031"]
[PlyCount "101"]
[EventDate "2014.09.23"]
[EventType "swiss"]
[EventRounds "9"]
[EventCountry "RUS"]
[SourceTitle "EXT 2016"]
[Source "ChessBase"]
[SourceDate "2015.10.08"]
[SourceVersion "1"]
[SourceVersionDate "2015.10.08"]
[SourceQuality "1"]

1. e4 c5 2. Nc3 Nc6 3. g3 g6 4. d3 Bg7 5. Bg2 e6 6. Be3 Nd4 7. Qd2 Qa5 8. Nge2 Ne7 9. f4 d6 10. Nc1 Nec6 11. 0-0 0-0 12. Nb3 Qd8 13. Nd1 Nxb3 14. axb3 Nd4 15. Nf2 a5 16. Qd1 b6 17. c3 Nc6 18. g4 Ba6 19. Qd2 Rc8 20. f5 d5 21. Bh6 Ne5 22. exd5 exd5 23. Bxg7 Kxg7 24. Nh3 Nxg4 25. fxg6 hxg6 26. Rf4 f5 27. Rxg4 fxg4 28. Nf4 Qd6 29. Nxd5 Rh8 30. Be4 Rh7 31. c4 Qe5 32. Qc3 Qxc3 33. bxc3 Rb8 34. Rf1 Rf8 35. Rxf8 Kxf8 36. Nxb6 Bb7 37. Bxg6 Rh6 38. Nd7+ Ke7 39. Nxc5 Rxg6 40. Nxb7 Rg5 41. c5 Kd7 42. d4 Rf5 43. Nxa5 Rf3 44. c4 Rd3 45. d5 Rd2 46. b4 Ra2 47. c6+ Kc7 48. c5 Ra4 49. d6+ Kc8 50. d7+ Kc7 51. Nb7 1-0

[Event "Novokuznetsk-ch (Women)"]
[Site "Novokuznetsk"]
[Date "2014.09.14"]
[Round "6"]
[White "Golovina, Darya"]
[Black "Kheyfets, Nataliya"]
[Result "1/2-1/2"]
[WhiteElo "2035"]
[BlackElo "1860"]
[PlyCount "52"]
[EventDate "2014.08.30"]
[EventType "swiss"]
[EventRounds "7"]
[EventCountry "RUS"]
[SourceTitle "EXT 2018"]
[Source "ChessBase"]
[SourceDate "2017.10.13"]
[SourceVersion "1"]
[SourceVersionDate "2017.10.13"]
[SourceQuality "1"]

1. e4 e6 2. d4 d5 3. exd5 exd5 4. Bd3 Bd6 5. Qf3 Nf6 6. h3 Be6 7. Ne2 c6 8. c3 Nbd7 9. b4 Qc7 10. Bf4 a5 11. 0-0 axb4 12. cxb4 Nb6 13. b5 0-0 14. Rc1 Rfc8 15. bxc6 bxc6 16. Nd2 Qe7 17. Nb3 Na4 18. Rc2 c5 19. dxc5 Nxc5 20. Bxd6 Qxd6 21. Rac1 Nxb3 22. Rxc8+ Rxc8 23. Rxc8+ Bxc8 24. axb3 Ba6 25. Bxa6 Qxa6 26. Qe3 h6 1/2-1/2

[Event "Novokuznetsk Spring op"]
[Site "Novokuznetsk"]
[Date "2014.04.19"]
[Round "6"]
[White "Golovina, Darya"]
[Black "Leonov, A."]
[Result "1/2-1/2"]
[WhiteElo "2020"]
[BlackElo "2130"]
[PlyCount "20"]
[EventDate "2014.03.29"]
[EventType "swiss"]
[EventRounds "9"]
[EventCountry "RUS"]
[SourceTitle "EXT 2015"]
[Source "ChessBase"]
[SourceDate "2014.11.20"]
[SourceVersion "1"]
[SourceVersionDate "2014.11.20"]
[SourceQuality "1"]

1. d4 f5 2. g3 Nf6 3. Bg2 g6 4. Nf3 Bg7 5. 0-0 0-0 6. c4 d6 7. Qc2 c6 8. Nc3 Qc7 9. c5 dxc5 10. dxc5 Nbd7 1/2-1/2

[Event "Novokuznetsk Kuzbass Festival"]
[Site "Novokuznetsk"]
[Date "2014.??.??"]
[Round "4"]
[White "Alimov, Alexander"]
[Black "Golovina, Darya"]
[Result "1/2-1/2"]
[WhiteElo "1959"]
[BlackElo "2020"]
[PlyCount "103"]
[EventDate "2014.??.??"]
[EventType "swiss"]
[EventRounds "7"]
[EventCountry "RUS"]
[SourceTitle "EXT 2016"]
[Source "ChessBase"]
[SourceDate "2015.10.08"]
[SourceVersion "1"]
[SourceVersionDate "2015.10.08"]
[SourceQuality "1"]

1. d4 d5 2. c4 c6 3. Nf3 Nf6 4. Nc3 e6 5. cxd5 exd5 6. Bg5 Be7 7. Qc2 0-0 8. e3 Bg4 9. Ne5 Bh5 10. Bd3 Bg6 11. 0-0 Nbd7 12. Bxg6 fxg6 13. f4 Nxe5 14. fxe5 Ng4 15. Rxf8+ Qxf8 16. Bxe7 Qxe7 17. Qe2 Qg5 18. Re1 Rf8 19. Nd1 Nh6 20. Rf1 Rxf1+ 21. Kxf1 Qf5+ 22. Qf3 Kf7 23. Ke2 Ke6 24. Qxf5+ gxf5 25. Nf2 Nf7 26. Nd3 b6 27. Nf4+ Ke7 28. Nh5 g6 29. Nf6 h5 30. Nh7 Nd8 31. h4 Ne6 32. Nf6 a5 33. g3 b5 34. Ng8+ Kf7 35. Nf6 c5 36. Nxd5 cxd4 37. exd4 Nxd4+ 38. Ke3 Ne6 39. Nc3 b4 40. Nd5 Nc5 41. Nf4 Ne4 42. e6+ Kf6 43. Kd4 Nxg3 44. Kd5 Ne4 45. Kc6 Ke7 46. Nxg6+ Kxe6 47. Nf4+ Ke5 48. Nxh5 f4 49. Nxf4 Kxf4 50. Kb5 Nc3+ 51. Kxa5 Nxa2 52. Ka4 1/2-1/2

[Event "Novokuznetsk-ch (Women)"]
[Site "Novokuznetsk"]
[Date "2013.09.21"]
[Round "6"]
[White "Golovina, Darya"]
[Black "Guliashvili, Liana"]
[Result "1/2-1/2"]
[WhiteElo "1986"]
[BlackElo "2008"]
[PlyCount "43"]
[EventDate "2013.09.01"]
[EventType "swiss"]
[EventRounds "7"]
[EventCountry "RUS"]
[SourceTitle "EXT 2022"]
[Source "ChessBase"]
[SourceDate "2021.10.06"]
[SourceVersion "1"]
[SourceVersionDate "2021.10.06"]
[SourceQuality "1"]

1. e4 e6 2. d4 d5 3. exd5 exd5 4. Bd3 Bd6 5. Qf3 Nf6 6. h3 Be6 7. Be3 Nc6 8. c3 Qd7 9. Nd2 0-0-0 10. 0-0-0 Rhe8 11. Bf4 Bxf4 12. Qxf4 h6 13. g4 Qd6 14. Qxd6 Rxd6 15. Ngf3 Bd7 16. Rde1 Rde6 17. Rxe6 Rxe6 18. Re1 Rxe1+ 19. Nxe1 g5 20. Nef3 Ne7 21. Ne5 Be6 22. Ndf3 1/2-1/2

[Event "Novokuznetsk-ch"]
[Site "Novokuznetsk"]
[Date "2012.12.08"]
[Round "6"]
[White "Oschepkov, Dmitri"]
[Black "Golovina, Darya"]
[Result "1-0"]
[WhiteElo "2058"]
[BlackElo "1977"]
[PlyCount "47"]
[EventDate "2012.11.18"]
[EventType "swiss"]
[EventRounds "9"]
[EventCountry "RUS"]
[SourceTitle "EXT 2014"]
[Source "ChessBase"]
[SourceDate "2013.11.20"]
[SourceVersion "1"]
[SourceVersionDate "2013.11.20"]
[SourceQuality "1"]

1. e4 d5 2. exd5 Qxd5 3. c4 Qa5 4. Nc3 c6 5. g3 Nf6 6. Bg2 Bg4 7. Nge2 Nbd7 8. h3 Bh5 9. 0-0 Ne5 10. Qb3 0-0-0 11. g4 Nfxg4 12. hxg4 Bxg4 13. f3 Rd3 14. fxg4 Qc5+ 15. Rf2 Qd6 16. Nf4 Nf3+ 17. Rxf3 Rxf3 18. Bxf3 Qxf4 19. Ne2 Qh6 20. d4 Qh4 21. Bf4 e6 22. Qe3 f6 23. Qxe6+ Kd8 24. Kg2 1-0

[Event "Novokuznetsk-ch (Women)"]
[Site "Novokuznetsk"]
[Date "2012.09.09"]
[Round "6"]
[White "Golovina, Darya"]
[Black "Prokofieva, Eleonora"]
[Result "1-0"]
[WhiteElo "1979"]
[BlackElo "1841"]
[PlyCount "75"]
[EventDate "2012.08.25"]
[EventType "swiss"]
[EventRounds "7"]
[EventCountry "RUS"]
[SourceTitle "EXT 2022"]
[Source "ChessBase"]
[SourceDate "2021.10.06"]
[SourceVersion "1"]
[SourceVersionDate "2021.10.06"]
[SourceQuality "1"]

1. e4 c5 2. Nc3 g6 3. g3 Bg7 4. Bg2 d6 5. d3 Nf6 6. Be3 Nc6 7. Qd2 Ng4 8. Bf4 e5 9. Bg5 f6 10. Be3 Nxe3 11. Qxe3 Nd4 12. 0-0-0 Be6 13. Kb1 b5 14. f4 a5 15. h4 h5 16. Bh3 Bg4 17. Rf1 a4 18. Qf2 Rf8 19. Bxg4 hxg4 20. h5 Rh8 21. fxe5 dxe5 22. Nd5 Ra6 23. c3 Ne6 24. Ne2 gxh5 25. Qf5 Ng5 26. Qg6+ Kf8 27. Qxg5 Qd6 28. Rxh5 Rxh5 29. Qxh5 b4 30. Qxg4 bxc3 31. Nexc3 Qb8 32. Qg6 a3 33. b3 Qd8 34. g4 Ra7 35. g5 Rf7 36. gxf6 Bxf6 37. Rxf6 Rxf6 38. Qxf6+ 1-0

[Event "Novokuznetsk-ch (Women)"]
[Site "Novokuznetsk"]
[Date "2012.09.01"]
[Round "3"]
[White "Guliashvili, Liana"]
[Black "Golovina, Darya"]
[Result "1/2-1/2"]
[WhiteElo "2019"]
[BlackElo "1979"]
[PlyCount "83"]
[EventDate "2012.08.25"]
[EventType "swiss"]
[EventRounds "7"]
[EventCountry "RUS"]
[SourceTitle "EXT 2022"]
[Source "ChessBase"]
[SourceDate "2021.10.06"]
[SourceVersion "1"]
[SourceVersionDate "2021.10.06"]
[SourceQuality "1"]

1. c4 e5 2. Nc3 Nc6 3. g3 g6 4. Bg2 Bg7 5. e3 d6 6. h3 Be6 7. b3 Nge7 8. Nge2 Qd7 9. d4 exd4 10. Nxd4 Nxd4 11. exd4 d5 12. c5 c6 13. Ne2 0-0 14. Nf4 Nf5 15. Bb2 Rfe8 16. 0-0 Qc7 17. Qd2 Re7 18. Rae1 Rae8 19. Re2 Bh6 20. Rfe1 Bxf4 21. Qxf4 Qxf4 22. gxf4 Kf8 23. Kf1 Nh4 24. Re3 Bf5 25. Rxe7 Rxe7 26. Rxe7 Kxe7 27. f3 Bc2 28. Kf2 Bd3 29. Kg3 Nf5+ 30. Kf2 Ke6 31. a3 h5 32. h4 Nxh4 33. Kg3 Nf5+ 34. Kf2 Ne7 35. Kg3 Kf6 36. b4 Kg7 37. Bh3 Bf5 38. Bf1 Kh6 39. Bc1 Bc2 40. Bh3 Bf5 41. Bf1 f6 42. Kh4 1/2-1/2

[Event "Novokuznetsk School op"]
[Site "Novokuznetsk"]
[Date "2012.06.13"]
[Round "1"]
[White "Golovina, Darya"]
[Black "Chernov, Mikhail"]
[Result "1-0"]
[WhiteElo "1999"]
[BlackElo "2183"]
[PlyCount "115"]
[EventDate "2012.06.13"]
[EventType "swiss"]
[EventRounds "9"]
[EventCountry "RUS"]
[SourceTitle "EXT 2022"]
[Source "ChessBase"]
[SourceDate "2021.10.06"]
[SourceVersion "1"]
[SourceVersionDate "2021.10.06"]
[SourceQuality "1"]

1. e4 Nf6 2. Nc3 e5 3. Bc4 Nc6 4. d3 Bb4 5. Bg5 h6 6. Bh4 g5 7. Bg3 d5 8. exd5 Nxd5 9. Nge2 Bg4 10. Bxd5 Qxd5 11. f3 Be6 12. a3 Bxc3+ 13. Nxc3 Qd7 14. Ne4 0-0-0 15. Qd2 f5 16. Nc5 Qd5 17. Nxe6 Qxe6 18. 0-0-0 Qa2 19. Qc3 Rhe8 20. Rhe1 Qd5 21. Kb1 Nd4 22. h4 Rd6 23. Qd2 Rc6 24. Rc1 Rb6 25. hxg5 hxg5 26. Bf2 Rg8 27. Ka1 c5 28. Qe3 Re6 29. Rh1 b5 30. Rh7 Kb8 31. Qe1 b4 32. Bxd4 exd4 33. Qh1 Ra6 34. Rh8 bxa3 35. b3 Qf7 36. Rh7 Rg7 37. Rxg7 Qxg7 38. Re1 Rh6 39. Re8+ Kb7 40. Qe1 Ka6 41. Rc8 Kb6 42. Rb8+ Kc7 43. Qe8 Rb6 44. Rc8+ Kd6 45. Rd8+ Kc7 46. Ra8 Kd6 47. Rd8+ Kc7 48. Rd5 Rf6 49. Rxc5+ Kb7 50. Qc8+ Kb6 51. Rc4 a5 52. Qd8+ Ka6 53. Rc5 Rb6 54. Qd5 Ka7 55. Rxa5+ Ra6 56. Qc5+ Kb7 57. Rb5+ Ka8 58. Qc8+ 1-0